Entry Konu Terimi
001 - KONTROL NUMARASI
- Kontrol alanı: 140257
003 - KONTROL NUMARASI KİMLİĞİ
- Kontrol alanı: TR-BiSEU
005 - SON İŞLEM TARİHİ VE ZAMANI
- Kontrol alanı: 20260207005003.0
008 - SABİT UZUNLUKTAKİ VERİ ÖGELERİ - GENEL BİLGİ
- Sabit uzunlukta kontrol alanı: 260207|| aca||aabn | a|a d
040 ## - KATALOGLAMA KAYNAĞI
- Özgün kataloglama kurumu: TR-BiSEU
- Çeviri kurumu: TR-BiSEU
150 ## - KONU BAŞLIKLARI - KONU TERİMİ
- Konu terimi: Public aspects of medicine--Public health
670 ## - BİLGİNİN KAYNAĞI
- Bilginin alındığı kaynak: KOHA: (TR-BiSEU)72061: Diyetisyenlere ve sağlık profesyonellerine yönelik tıbbi beslenme tedavisinde güncel uygulamalar VI: romatolojik ve kemik-eklem hastalıklarında tıbbi beslenme tedavisi/
